| 000 | 00666nam a22001815i 4500 | ||
|---|---|---|---|
| 001 | 68463 | ||
| 003 | ES-MaACL | ||
| 005 | 20230906170306.0 | ||
| 007 | t| | ||
| 008 | 960802s1876 sp ||||1| spa d | ||
| 040 |
_aCAM _bspa _cCAM |
||
| 100 | 1 |
_aGarcía Sola, Eduardo. _955306 |
|
| 245 | 1 | 0 |
_aManual de microquimia clínica o diagnóstico médico fundado en las exploraciones microquímicas / _cpor Eduardo García Solá. |
| 260 |
_aMadrid : _bCarlos Bailly-Bailliere, _c1876 ( _fEst. tipográfico de R. Labajos) |
||
| 300 |
_aVII, 230 p. ; _c20 cm. |
||
| 740 | 0 | _aDiagnóstico médico fundado en las exploraciones microquímicas. | |
| 852 |
_aES-MaACL _jT-596-F-6 |
||
| 999 |
_c68463 _d68463 |
||